00380 2200157 4500001002100000005001500021035002000036245006300056100001400119250000600133300001100139260003800150082000800188084001400196990001200210INLIS00000000000242220250604095622 a0010-06250000081 aPengolahan Limbah Sebagai Peluang Usaha /cMutawakil, S.E.0 aMutawakil a1 a52 hlm aJakarta :bPenebar Swadaya,c2006 a600 a600 MUT p a0712280